Mario Charcters - Statistics

General Stats
  • This quiz has been taken 32 times
  • The average score is 15 of 16
Answer Stats
Picture Answer % Correct
Bowser
100%
Donkey Kong
100%
Luigi
100%
Mario
100%
Peach
100%
Toad
100%
Wario
100%
Yoshi
100%
Daisy
96%
Waluigi
96%
Diddy Kong
88%
Koopa
88%
Bowser Jr
81%
Rosalina
81%
Goomba
73%
Birdo
58%
No matching quizzes found
Score Distribution
Percent of People with Each Score
Percentile by Number Answered
Your Score History
You have not taken this quiz